Größte Stadt beginnend mit P in Diesem Land - Statistiken

Allgemein
  • Dieses Quiz wurde 301 mal gespielt
  • Das Durchschnittsergebnis liegt bei 11 aus 21
Antwortstatistiken
Land P-Stadt % Korrekt
Australien Perth
93%
Portugal Porto
91%
Deutschland Potsdam
82%
Haiti Port-au-Prince
78%
Südafrika Pretoria
77%
Kambodscha Phnom Penh
74%
Montenegro Podgorica
73%
Italien Palermo
71%
Vereinigte Staaten Philadelphia
67%
Suriname Paramaribo
54%
Polen Posen
53%
Papua-Neuguinea Port Moresby
50%
Mauritius Port Louis
43%
Russland Perm
37%
Bulgarien Plowdiw
36%
Ungarn Pécs
32%
Mexiko Puebla
25%
Indien Pune
23%
Indonesien Palembang
7%
Pakistan Peshawar
5%
Chile Puente Alto
1%
Keine übereinstimmenden Quizze gefunden
Verteilung der Resultate
Anzahl Personen mit jedem Resultat
Perzentil nach korrekt beantworteten Fragen
Ihre Resultats-Entwicklung
Sie haben dieses Quiz noch nicht gespielt